Bratislavské folklórne súbory ako potenciál pre rozvoj kultúrneho cestovného ruchu v Bratislave diplomová práca

Salvato in:
Dettagli Bibliografici
Autore principale: Ajpeková, Anna
Ente Autore: Obchodná fakulta EU. Katedra služieb a cestovného ruchu - zrušené
Altri autori: Michálková, Anna, 1968-
Natura: Libro
Lingua:slovacco
Pubblicazione: Bratislava 2010
Tags: Aggiungi Tag
Nessun Tag, puoi essere il primo ad aggiungerne!!

MARC

LEADER 00000nam$a2200000$$$4500
001 0118486
005 20240318121855.6
041 0 |a slo 
044 |a SK 
245 1 0 |a Bratislavské folklórne súbory ako potenciál pre rozvoj kultúrneho cestovného ruchu v Bratislave  |b diplomová práca  |c Anna Ajpeková ; škol. Anna Michálková 
264 1 |a Bratislava  |c 2010 
300 |a 88 s. 
100 1 |a Ajpeková, Anna 
700 1 |a Michálková, Anna, 1968- 
710 2 |a Obchodná fakulta EU. Katedra služieb a cestovného ruchu - zrušené